Obras completas
Αποθηκεύτηκε σε:
| Κύριος συγγραφέας: | |
|---|---|
| Μορφή: | Βιβλίο |
| Γλώσσα: | Ισπανικά |
| Έκδοση: |
Ciudad de México
Fondo de Cultura Económica
1958
|
| Σειρά: | Letras Mexicanas
|
| Θέματα: | |
| Ετικέτες: |
Προσθήκη ετικέτας
Δεν υπάρχουν, Καταχωρήστε ετικέτα πρώτοι!
|
MARC
| LEADER | 00000nam a2200000 a 4500 | ||
|---|---|---|---|
| 001 | UCT7691 | ||
| 003 | CL-VaPUC | ||
| 008 | 970123e19580000MX |||||||||||||||||spa|d | ||
| 082 | 0 | 4 | |a Me860.8 |b AZU |2 21 |
| 100 | 0 | |a Azuela, Mariano |e author |9 376822 | |
| 245 | 1 | 0 | |a Obras completas |
| 300 | |a v | ||
| 942 | |c BK | ||
| 945 | |d 19970123 00:00:00 |a rleighto | ||
| 260 | |a Ciudad de México |b Fondo de Cultura Económica |c 1958 | ||
| 500 | |a v.1: Novelas | ||
| 500 | |a v.2: Novelas, novelas cortas, cuentos, relatos y sucedidos | ||
| 500 | |a v.3: Teatro, biografias, conferencias y ensayos, apuntes y notas | ||
| 650 | 0 | |a Novelas mexicanas |9 317570 | |
| 650 | 0 | |a Cuentos mexicanos |9 310368 | |
| 650 | 7 | |a DRAMAS MEXICANOS |2 CL-VaPUC |9 321775 | |
| 650 | 7 | |a ENSAYOS MEXICANOS |2 CL-VaPUC |9 315571 | |
| 583 | |a last modification |c 19970123 00:00:00 |k Rodrigo Vera | ||
| 490 | 0 | |a Letras Mexicanas | |
| 999 | |c 256240 |d 256238 | ||
| 952 | |0 0 |1 0 |4 0 |6 ME_860_800000000000000_AZU_1958 |7 0 |8 A |9 278874 |a BIBEDU |b BIBEDU |d 2019-11-19 |h v.1 |i 3269310 |o Me860.8 AZU 1958 |p 3269310 |r 2019-11-19 |w 2019-11-19 |y BK |k LIT | ||
| 952 | |0 0 |1 0 |4 0 |6 ME_860_800000000000000_AZU_1958 |7 0 |8 A |9 278875 |a BIBEDU |b BIBEDU |d 2019-11-19 |h v.2 |i 3268845 |o Me860.8 AZU 1958 |p 3268845 |r 2019-11-19 |w 2019-11-19 |y BK |k LIT | ||
| 952 | |0 0 |1 0 |4 0 |6 ME_860_800000000000000_AZU_1958 |7 0 |8 A |9 278876 |a BIBEDU |b BIBEDU |d 2019-11-19 |h v.3 |i 3269329 |o Me860.8 AZU 1958 |p 3269329 |r 2019-11-19 |w 2019-11-19 |y BK |k LIT | ||